000 01245nam a2200253 a 4500
001 49376
003 BD-RjUL
005 20211209054655.0
008 160820s1954 ru ||||| |||| 00| 0 ben d
020 _c: Tk. 5.00
035 _a(BD-RjUL)49495
040 _aBD-RjUL
_bben
_cBD-RjUL
041 _aben
082 _223
_a891.73
_bTAA 1954
100 _aতলস্তয়, আলেক্সি
_9148231
245 1 0 _aঅগ্নিপরীক্ষা /
_cআলেক্সি তলস্তয় ; অনুবাদ দিগিন্দ্রচন্দ্র বন্দ্যোপাধ্যায়
260 _aকলিকাতা :
_bন্যাশনাল বুক এজেন্সি,
_c১৯৫৪
300 _aখণ্ড. :
_bচিত্র ;
_c১৮ সেমি.
505 0 _aখণ্ড ১ (দুই বোন) -- ৩য়. (বিষণ্ন প্রভাত) -- খণ্ড ২ (উনিশ-শো আঠারো) --
650 _aরাশিয়ান উপন্যাস
_9148232
650 _aRussian Fiction
_9122083
700 _aবন্দ্যোপাধ্যায়, দিগিন্দ্রচন্দ্র, অনুবাদক
_9148233
942 _2ddc
_cBK
999 _c49376
_d49376